Linear matrix inequalities in system and control theory / (Record no. 593978)
[ view plain ]
| 000 -LEADER | |
|---|---|
| fixed length control field | 01133cam a2200301 a 4500 |
| 001 - CONTROL NUMBER | |
| control field | 3013636 |
| 005 - DATE AND TIME OF LATEST TRANSACTION | |
| control field | 20230321150103.0 |
| 008 - FIXED-LENGTH DATA ELEMENTS--GENERAL INFORMATION | |
| fixed length control field | 940323s1994 pau b 001 0 eng |
| 010 ## - LIBRARY OF CONGRESS CONTROL NUMBER | |
| LC control number | 94010477 |
| 020 ## - INTERNATIONAL STANDARD BOOK NUMBER | |
| International Standard Book Number | 089871334X |
| 040 ## - CATALOGING SOURCE | |
| Original cataloging agency | DLC |
| Transcribing agency | DLC |
| Modifying agency | DLC |
| 050 00 - LIBRARY OF CONGRESS CALL NUMBER | |
| Classification number | QA402.3 |
| Item number | .L489 1994 |
| 082 00 - DEWEY DECIMAL CLASSIFICATION NUMBER | |
| Classification number | 515.642 |
| Edition number | 20 |
| Author Mark | BOY |
| 100 ## - MAIN ENTRY--PERSONAL NAME | |
| Personal name | Boyd, Stephen |
| 9 (RLIN) | 110947 |
| 245 00 - TITLE STATEMENT | |
| Title | Linear matrix inequalities in system and control theory / |
| Statement of responsibility, etc. | Stephen Boyd ... [et al.]. |
| 260 ## - PUBLICATION, DISTRIBUTION, ETC. | |
| Place of publication, distribution, etc. | Philadelphia : |
| Name of publisher, distributor, etc. | Society for Industrial and Applied Mathematics, |
| Date of publication, distribution, etc. | c1994. |
| 300 ## - PHYSICAL DESCRIPTION | |
| Extent | ix, 193 p. ; |
| Dimensions | 26 cm. |
| 490 1# - SERIES STATEMENT | |
| Series statement | SIAM studies in applied mathematics ; |
| Volume/sequential designation | vol. 15 |
| 504 ## - BIBLIOGRAPHY, ETC. NOTE | |
| Bibliography, etc. note | Includes bibliographical references (p. 161-186) and index. |
| 650 #0 - SUBJECT ADDED ENTRY--TOPICAL TERM | |
| Topical term or geographic name entry element | Control theory. |
| 650 #0 - SUBJECT ADDED ENTRY--TOPICAL TERM | |
| Topical term or geographic name entry element | Matrix inequalities. |
| 9 (RLIN) | 84682 |
| 650 #0 - SUBJECT ADDED ENTRY--TOPICAL TERM | |
| Topical term or geographic name entry element | Mathematical optimization. |
| 700 1# - ADDED ENTRY--PERSONAL NAME | |
| Personal name | Boyd, Stephen P. |
| 9 (RLIN) | 110948 |
| 830 #0 - SERIES ADDED ENTRY--UNIFORM TITLE | |
| Uniform title | SIAM studies in applied mathematics ; |
| Volume/sequential designation | 15. |
| 9 (RLIN) | 110949 |
| 906 ## - LOCAL DATA ELEMENT F, LDF (RLIN) | |
| a | 7 |
| b | cbc |
| c | orignew |
| d | 1 |
| e | ocip |
| f | 19 |
| g | y-gencatlg |
| 942 ## - ADDED ENTRY ELEMENTS (KOHA) | |
| Source of classification or shelving scheme | |
| Koha item type | Book |
| Withdrawn status | Lost status | Source of classification or shelving scheme | Damaged status | Not for loan | Permanent Location | Current Location | Shelving location | Date acquired | Full call number | Barcode | Date last seen | Price effective from | Koha item type |
|---|---|---|---|---|---|---|---|---|---|---|---|---|---|
| School of Mechanical & Manufacturing Engineering (SMME) | School of Mechanical & Manufacturing Engineering (SMME) | Aerospace Engineering | 03/21/2023 | 515.642 BOY | SMME-4175 | 03/21/2023 | 03/21/2023 | Book |
